| 000 | 00547nam a2200157 i 4500 | ||
|---|---|---|---|
| 001 | 79998 | ||
| 003 | ES-MaACL | ||
| 005 | 20230906174113.0 | ||
| 007 | t| | ||
| 008 | 041026s1955 sp ||||1| spa d | ||
| 100 | 1 |
_aHinjos, José de. _963761 |
|
| 245 | 1 | 3 |
_aLa estatua de San Pedro de Alcántara en la Plaza de Santa María de Cáceres _b: (obra de Enrique Pérez Comendador) / _cJosé de Hinjos. |
| 260 |
_aCáceres : _bDiputación provincial de Cáceres, _c1955. |
||
| 300 |
_a202 p., 20 lám. ; _c25 cm. |
||
| 852 |
_aES-MaACL _jC-10878 _bR.38905 |
||
| 999 |
_c79998 _d79998 |
||